[Event "AUTO-OPEN-1645"]
[Site "http://www.queenalice.com/game.php?id=630275"]
[Date "2009.8.4"]
[Round "1"]
[White "Panoramix"]
[Black "SkyChess"]
[Result "0-1"]
[WhiteElo "1736"]
[BlackElo "1929"]

1. e4 e5 2. Nf3 Nc6 3. Bb5 a6 4. Ba4 Nf6 5. O-O Be7 6. d4 b5 7. Bb3 Nxe4 8. Re1
d5 9. dxe5 Be6 10. Nbd2 Nc5 11. c3 O-O 12. Bc2 Qd7 13. b4 Nb7 14. Nb3 Bg4 15.
Nbd4 Rfe8 16. Qd2 Nxd4 17. cxd4 Bxf3 18. gxf3 a5 19. Qd3 g6 20. a3 axb4 21. f4
bxa3 22. Bxa3 Bxa3 23. Rxa3 c5 24. Rea1 c4 25. Qg3 Rxa3 26. Rxa3 Nd8 27. Ra1 Nc6
28. Rd1 b4 29. Rb1 b3 30. Bxb3 cxb3 31. Rxb3 Nxd4 32. Rd3 Ne2+ 0-1

[Event "AUTO-OPEN-1645"]
[Site "http://www.queenalice.com/game.php?id=630276"]
[Date "2009.8.4"]
[Round "1"]
[White "SkyChess"]
[Black "biano"]
[Result "0-1"]
[WhiteElo "1735"]
[BlackElo "1887"]

1. e4 d5 2. exd5 Qxd5 3. Nc3 Qa5 4. d4 Nf6 5. Nf3 Bg4 6. h3 Bh5 7. Be2 e6 8. O-O
Be7 9. Bd2 c6 10. Ne4 Qd8 11. Ng3 Bg6 12. c4 O-O 13. Re1 Nbd7 14. Rc1 c5 15. Qb3
Qc7 16. Bd3 Bxd3 17. Qxd3 cxd4 18. Nxd4 Rfd8 19. Qc3 Rac8 20. Nb5 Qb8 21. Nd4
Nc5 22. b4 Ncd7 23. Qe3 Nb6 0-1

[Event "AUTO-OPEN-1645"]
[Site "http://www.queenalice.com/game.php?id=630277"]
[Date "2009.8.4"]
[Round "1"]
[White "biano"]
[Black "SkyChess"]
[Result "1-0"]
[WhiteElo "1876"]
[BlackElo "1746"]

1. e4 e5 2. f4 exf4 3. Nf3 Nc6 4. Bc4 Be7 5. O-O Nf6 6. Nc3 O-O 7. d4 Nxe4 8.
Nd5 Na5 9. Bd3 Nf6 10. Nxe7+ Qxe7 11. Bxf4 d6 12. Qd2 b6 13. Rfe1 Be6 14. Bg5
Qd8 15. b3 Nc6 16. c4 d5 17. c5 bxc5 18. dxc5 h6 19. Bh4 Qe7 20. b4 a5 21. a3
Rfd8 22. Ne5 1-0

[Event "AUTO-OPEN-1646"]
[Site "http://www.queenalice.com/game.php?id=630658"]
[Date "2009.8.4"]
[Round "1"]
[White "SkyChess"]
[Black "Enrico"]
[Result "0-1"]
[WhiteElo "1918"]
[BlackElo "1789"]

1. e4 e5 2. Nf3 Nc6 3. Bb5 a6 4. Ba4 d6 5. d4 b5 6. Bb3 h6 7. h3 exd4 8. Nxd4
Nxd4 9. O-O Nxb3 10. axb3 Be6 11. Nc3 Be7 12. Nd5 Bxd5 0-1

[Event "AUTO-OPEN-1646"]
[Site "http://www.queenalice.com/game.php?id=630659"]
[Date "2009.8.4"]
[Round "1"]
[White "Enrico"]
[Black "SkyChess"]
[Result "0-1"]
[WhiteElo "1838"]
[BlackElo "1908"]

1. e4 e5 2. Nf3 Nc6 3. Bb5 a6 4. Bxc6 dxc6 5. Nc3 Bc5 6. h3 Nf6 7. d3 O-O 8. a3
Re8 9. Bg5 h6 10. Bxf6 Qxf6 11. Qd2 Be6 12. O-O Bxh3 13. b4 Ba7 14. Rfe1 Qg6 15.
g3 Re6 16. Re3 Bxe3 17. Qxe3 Qh5 18. Nh2 Rf8 19. f3 f5 20. exf5 Qxf5 21. Re1 Rg6
22. Ne4 Qh5 23. g4 Rf4 24. Ng3 Qh4 25. Kf2 Bxg4 26. Nxg4 Qxg4 27. Rg1 Rgf6 28.
Ke2 Rxf3 0-1

[Event "AUTO-OPEN-1646"]
[Site "http://www.queenalice.com/game.php?id=630660"]
[Date "2009.8.4"]
[Round "1"]
[White "SkyChess"]
[Black "Givanildo"]
[Result "1-0"]
[WhiteElo "1873"]
[BlackElo "1480"]

1. e4 e6 2. d4 Bb4+ 3. Bd2 Bxd2+ 4. Nxd2 Nc6 5. Ngf3 a6 6. Bc4 d5 7. Bd3 Qe7 8.
O-O Nh6 9. exd5 exd5 10. Re1 Be6 11. c4 O-O-O 12. cxd5 Rxd5 13. Bc4 Rd6 14. d5
Na5 15. Qa4 Nxc4 16. Qxc4 Rxd5 17. Qxd5 Rd8 18. Qe4 Qd6 19. Qxh7 Bg4 20. Qxg7
Bxf3 21. Nxf3 Nf5 22. Qg4 Qf6 23. Nh4 Rd4 24. Qxf5+ Qxf5 25. Nxf5 Rb4 26. b3 Rb5
27. Ne7+ Kd7 28. Rad1+ Ke8 29. Ng6+ Re5 30. Rxe5# 1-0

[Event "AUTO-OPEN-1646"]
[Site "http://www.queenalice.com/game.php?id=630661"]
[Date "2009.8.4"]
[Round "1"]
[White "Givanildo"]
[Black "SkyChess"]
[Result "0-1"]
[WhiteElo "1544"]
[BlackElo "1500"]

1. e4 e5 2. Qh5 Nc6 3. Bc4 g6 4. Qf3 Nf6 5. c3 Bg7 6. g4 d5 7. exd5 Bxg4 8. Qd3
Bf5 9. Qe2 Nxd5 10. Nf3 O-O 11. d4 exd4 12. O-O Bg4 13. Bg5 Bxf3 14. Qd2 Qd7 15.
Bxd5 Qg4# 0-1

[Event "AUTO-OPEN-1647"]
[Site "http://www.queenalice.com/game.php?id=630959"]
[Date "2009.8.5"]
[Round "1"]
[White "SkyChess"]
[Black "Iancopoulus"]
[Result "0-1"]
[WhiteElo "1888"]
[BlackElo "2230"]

1. e4 b6 2. c4 Bb7 3. Nc3 g6 4. Nf3 Bg7 5. d4 d6 6. Be2 e6 7. O-O Ne7 8. Be3 Nd7
9. Rc1 a6 10. Qc2 h6 11. a3 O-O 12. Qd2 Kh7 13. Rfe1 f5 14. Bd3 fxe4 15. Bxe4
Bxe4 16. Nxe4 Rxf3 17. gxf3 Nf5 18. Rcd1 Qh4 19. Ng3 Qh3 20. Nxf5 gxf5 21. Bf4
e5 0-1

[Event "AUTO-OPEN-1647"]
[Site "http://www.queenalice.com/game.php?id=630960"]
[Date "2009.8.5"]
[Round "1"]
[White "Iancopoulus"]
[Black "SkyChess"]
[Result "1-0"]
[WhiteElo "2194"]
[BlackElo "1881"]

1. e4 e5 2. a3 Nf6 3. d3 Bc5 4. f4 Nc6 5. fxe5 Nxe4 6. dxe4 Qh4+ 7. Kd2 Qxe4 8.
Qe2 Qd5+ 9. Ke1 O-O 10. Nf3 Re8 11. Nc3 Qe6 12. Be3 Bxe3 13. Qxe3 Nxe5 14. Qxe5
Qxe5+ 15. Nxe5 1-0

[Event "AUTO-OPEN-1647"]
[Site "http://www.queenalice.com/game.php?id=630961"]
[Date "2009.8.5"]
[Round "1"]
[White "SkyChess"]
[Black "mg23campos"]
[Result "0-1"]
[WhiteElo "1899"]
[BlackElo "1851"]

1. e4 e5 2. Nf3 Nc6 3. Bb5 a6 4. Ba4 b5 5. Bb3 h6 6. O-O g5 7. Bd5 f6 8. d4 Bb7
9. Bxc6 Bxc6 10. dxe5 g4 11. Nd4 Bxe4 12. Qxg4 Bd5 0-1

[Event "AUTO-OPEN-1647"]
[Site "http://www.queenalice.com/game.php?id=630962"]
[Date "2009.8.5"]
[Round "1"]
[White "mg23campos"]
[Black "SkyChess"]
[Result "1-0"]
[WhiteElo "1832"]
[BlackElo "1919"]

1. e4 e5 2. Nf3 Nc6 3. Bc4 Bc5 4. d3 Nf6 5. Ng5 O-O 6. c3 d5 7. exd5 Nxd5 8. Qf3
Nf6 9. b4 Nxb4 10. cxb4 Bd4 11. Nd2 Bxa1 12. O-O 1-0

[Event "AUTO-INT-1412"]
[Site "http://www.queenalice.com/game.php?id=635130"]
[Date "2009.8.12"]
[Round "1"]
[White "Liesel"]
[Black "SkyChess"]
[Result "0-1"]
[WhiteElo "1616"]
[BlackElo "1905"]

1. e4 e5 2. Nf3 Nc6 3. Bb5 a6 4. Bxc6 dxc6 5. Nxe5 Qd4 6. Nf3 Qxe4+ 7. Qe2 Qxe2+
8. Kxe2 Nf6 9. Re1 Be6 10. Kf1 O-O-O 11. d4 c5 12. dxc5 Bxc5 13. Nc3 Rhe8 14.
Bg5 Be7 15. Ne4 Nxe4 16. Bxe7 Bc4+ 17. Kg1 Rxe7 18. b3 Bb5 19. Ng5 Rde8 20. f3
Nxg5 21. Rxe7 Rxe7 22. c4 Bc6 0-1

[Event "AUTO-INT-1412"]
[Site "http://www.queenalice.com/game.php?id=635131"]
[Date "2009.8.12"]
[Round "1"]
[White "SkyChess"]
[Black "Liesel"]
[Result "1-0"]
[WhiteElo "1900"]
[BlackElo "1616"]

1. e4 e5 2. Nf3 Nc6 3. Bb5 Nf6 4. O-O Be7 5. Re1 d5 6. Nxe5 dxe4 7. Nxc6 Bg4 8.
Nxd8+ c6 9. Be2 Bxe2 10. Qxe2 Rxd8 11. Nc3 Rd4 12. d3 O-O 13. Nxe4 Nxe4 14. dxe4
Bf6 15. c3 Rd7 16. Qg4 Rfd8 17. Be3 g6 18. Bg5 Bxg5 19. Qxg5 Rd2 20. g3 Rxb2 21.
Qxd8+ Kg7 22. Reb1 Rxb1+ 23. Rxb1 1-0

[Event "AUTO-INT-1412"]
[Site "http://www.queenalice.com/game.php?id=635144"]
[Date "2009.8.12"]
[Round "1"]
[White "Gilney"]
[Black "SkyChess"]
[Result "1-0"]
[WhiteElo "1573"]
[BlackElo "1851"]

1. g3 c5 2. Bg2 d5 3. d4 e6 4. dxc5 Bxc5 5. c3 Nf6 6. Nh3 O-O 7. g4 Nxg4 8. f3
Qh4+ 9. Kd2 Ne3 10. Qg1 Nc4+ 11. Kd1 Bxg1 12. Rxg1 e5 13. e4 Bxh3 14. exd5 Bxg2
15. Rxg2 Rd8 16. Rg4 Rxd5+ 17. Nd2 Ne3+ 18. Ke2 1-0

[Event "AUTO-INT-1412"]
[Site "http://www.queenalice.com/game.php?id=635145"]
[Date "2009.8.12"]
[Round "1"]
[White "SkyChess"]
[Black "Gilney"]
[Result "0-1"]
[WhiteElo "1881"]
[BlackElo "1543"]

1. e4 e5 2. Nf3 Qf6 3. Nc3 g5 4. Nd5 Qd6 5. Nxg5 Nc6 6. Qh5 Nh6 7. Bc4 Qg6 8.
Qxg6 hxg6 9. Nxc7+ Kd8 10. Nxa8 Rh7 11. Nxh7 Bc5 12. c3 f5 13. d4 exd4 14. Bxh6
Na5 15. Bf7 fxe4 16. b4 Bxb4 17. cxb4 Nc6 18. Bf4 b5 0-1

[Event "AUTO-INT-1412"]
[Site "http://www.queenalice.com/game.php?id=635154"]
[Date "2009.8.12"]
[Round "1"]
[White "SkyChess"]
[Black "Clovisto"]
[Result "1-0"]
[WhiteElo "1910"]
[BlackElo "1714"]

1. e4 e6 2. d4 Nc6 3. Nf3 h6 4. Bc4 g5 5. O-O g4 6. Ne1 Qh4 7. Nc3 a6 8. d5 Ne5
9. Bb3 Nf6 10. Bf4 Bd6 11. Qd4 Nf3+ 12. Nxf3 gxf3 13. Bg3 Bxg3 14. fxg3 Qg5 15.
gxf3 e5 16. Qf2 h5 17. f4 exf4 18. Qxf4 Qxf4 19. Rxf4 Nh7 20. d6 Ng5 21. Kg2
cxd6 22. Raf1 O-O 23. Nd5 b5 24. Nf6+ Kh8 25. Rh4 Bb7 26. Rxh5+ Kg7 27. Rxg5+
Kh6 28. Rff5 a5 29. Ng4+ Kh7 30. Rh5+ 1-0

[Event "AUTO-INT-1412"]
[Site "http://www.queenalice.com/game.php?id=635155"]
[Date "2009.8.12"]
[Round "1"]
[White "Clovisto"]
[Black "SkyChess"]
[Result "1-0"]
[WhiteElo "1744"]
[BlackElo "1778"]

1. e4 e5 2. b3 Nf6 3. d3 Nc6 4. Bg5 Be7 5. a3 O-O 6. h4 d5 7. Nc3 dxe4 8. Bxf6
Bxf6 9. Nxe4 Be7 10. Qh5 f5 11. Ng5 h6 12. N1f3 Nd4 13. Nxd4 Qxd4 14. Ra2 hxg5
15. hxg5 Qg4 16. Qh7+ Kf7 17. Be2 Qxg5 18. Bh5+ Ke6 19. Bf3 Bd7 20. Qh2 Rh8 21.
Qg1 Rxh1 22. Qxh1 Qc1+ 23. Bd1 Bxa3 24. Qh7 Bb4+ 25. c3 Qxc3+ 26. Ke2 Bb5 27.
Qg6+ Kd5 28. Bc2 Qd2+ 29. Kf3 1-0

[Event "CALDAS NOVAS  II"]
[Site "http://www.queenalice.com/game.php?id=635903"]
[Date "2009.8.13"]
[Round "-"]
[White "perucona"]
[Black "SkyChess"]
[Result "1-0"]
[WhiteElo "1632"]
[BlackElo "1706"]

1. e4 e5 2. d4 exd4 3. Qxd4 Nc6 4. Qd5 Nf6 5. Qd3 Nb4 6. Qe2 Be7 7. e5 Nfd5 8.
c4 Nb6 9. Be3 O-O 10. a3 Nc6 11. c5 Nd5 12. Bd2 Re8 13. f4 Bxc5 14. Be3 Bxe3 15.
Nc3 Nxf4 16. Qxe3 Rxe5 17. Qxe5 Nxe5 18. Nf3 Nxf3+ 19. gxf3 Qh4+ 20. Kd1 1-0

[Event "PARABENS MENINAS DO VOLEI VIII"]
[Site "http://www.queenalice.com/game.php?id=642614"]
[Date "2009.8.26"]
[Round "-"]
[White "perucona"]
[Black "SkyChess"]
[Result "1-0"]
[WhiteElo "1654"]
[BlackElo "1725"]

1. e4 e5 2. d4 exd4 3. Qxd4 Nc6 4. Qd5 Nf6 5. Qd3 Nb4 6. Qe2 Be7 7. e5 Nfd5 8.
c3 Nc6 9. c4 Nb6 10. c5 Bxc5 11. Be3 Bxe3 12. Qxe3 O-O 13. Nf3 Re8 14. Nc3 d6
15. Rd1 Bg4 16. Bb5 Bxf3 17. gxf3 Rxe5 18. Qxe5 1-0